Dékány István A magyarság lelki arca /

Elmentve itt :
Bibliográfiai részletek
Szerzők: Gyulai Ágost
Dékány István
Dokumentumtípus: Cikk
Megjelent: 1943
Sorozat:Magyar pedagógia : a Magyar Tudományos Akadémia Pedagógiai Bizottságának folyóirata 52
Kulcsszavak:Néplélektan magyar, Nemzeti tudat magyar, Nemzetfogalom magyar, Magyar lelkiség
Online Access:http://misc.bibl.u-szeged.hu/11670
LEADER 00756nab a2200193 i 4500
001 misc11670
005 20191106141902.0
008 170607s1943 hu o 0|| hun d
022 |a 0025-0260 
040 |a SZTE Miscellanea Repozitórium  |b hun 
041 |a hun 
100 1 |a Gyulai Ágost 
245 1 0 |a Dékány István  |h [elektronikus dokumentum] :  |b A magyarság lelki arca /  |c  Gyulai Ágost 
260 |c 1943 
300 |a 252-253 
490 0 |a Magyar pedagógia : a Magyar Tudományos Akadémia Pedagógiai Bizottságának folyóirata  |v 52 
695 |a Néplélektan magyar, Nemzeti tudat magyar, Nemzetfogalom magyar, Magyar lelkiség 
700 0 1 |a Dékány István  |e aut 
856 4 0 |u http://misc.bibl.u-szeged.hu/11670/1/mp_1943_4238_252-253.pdf  |z Dokumentum-elérés